000 00715cam a22002054a 4500
005 20250605164018.0
008 250528s ||||||||||||||||||||||||d
035 _a16215
020 _a695950
040 _aGR-AtMCL
_bgre
_dGR-AtMCL
_eAACR2
245 1 _aThe Subversive Science / Essays Toward an Ecology of Man
260 _bHoughton Mifflin Company,
_c1969
300 _a456
520 _aPreface, Introduction: Ecology and Man - a Viewpoint, Men as Populations, The Environmental Encounter, Men and Other Organisms, Men in Ecosystems, Ethos and Ecos and Ethics, Additional Readings.
700 1 _aMckinley Daniel
_92295
700 1 _aShepard Paul
_92296
942 _cBK
999 _c1744
_d1744